000 02611cam a22004814i 4500
003 PE-LiUPU
005 20250731173342.0
008 150706s2005 sp r 000 0 spa d
020 _a8425423880
035 _a(Sirsi) i9788425423888
040 _aPE-LiUPU
_bspa
_cPE-LiUPU
_erda
049 _aPRUA
082 0 4 _a220.1
_bGn
_221
100 1 _aGnilka, Joachim,
_d1928- ,
_eautor.
245 1 0 _aBiblia y corán :
_blo que los une, lo que los separa /
_cJoachim Gnilka ; traducción de Marciano Villanueva.
264 1 _aBarcelona :
_bHerder,
_c[2005].
300 _a286 páginas ;
_c20 centímetros
336 _atext
_2rdacontent
337 _aunmediated
_2rdamedia
338 _avolume
_2rdacarrier
504 _aReferencias al pie de páginas.
505 0 _aTrasfondo histórico -- Judíos y cristianos en Arabia antes de Mahoma -- Mahoma y Jesús. Aspecto biográfico -- La mutua percepción histórica -- La biblia y el Corán -- Una comparación global -- Origen de la Biblia y del Corán -- Valoración y adoración -- Visiones de conjunto y subdivisiones -- La biblia en el Corán -- El Lenguaje simbólico -- Temas teológicos -- La imagen de Dios -- El mundo como creación de Dios -- El mediador de la creación -- El envió de mensaje de Dios y su destino -- Jesús Cristología. caer en la tentación.El autor -- las fuentes -- El destinatario -- Los hechos -- -- El relato -- El programa lucano -- El plan del Evangelio -- La temática -- Las enseñanzas -- Lucas, el "Teólogo" -- El rostro de Jesús -- El Espíritu Santo -- El autor -- las fuentes -- El destinatario -- Los hechos -- -- El relato -- El programa lucano -- El plan del Evangelio -- La temática -- Las enseñanzas -- Lucas, el "Teólogo" -- El rostro de Jesús -- El Espíritu Santo.
526 _aSEG42
526 _aSEG41
526 _aSEG40
526 _aSEG39
526 _aP94
526 _aP87
526 _aP86
526 _aP85
526 _aP77
526 _aP76
526 _aP35
541 _g007-0020315;
650 0 4 _aCorán y Biblia.
650 0 4 _aCristianismo e islamismo.
910 _agl
_bjv
_cng
_d20090916
942 _2ddc
_cBOOK
949 _a220.1 GN
_wDEWEY
_c1
_i60338
_lCCODEBUL1
_mBUL
_p30.00
_r0
_sY
_tBOOK
_u2015-7-6
_xTEOLOGIA
_zUNKNOWN
_0COMPRA
_o.STAFF. Colección Teología
994 _aC0
_bPEPRU
596 _a1
999 _a220.1 GN
_wDEWEY
_c49800
_i60338
_d49800
_e2017-5-23
_f2021-11-9
_g5
_lCCODEBUL1
_mBUL
_n1
_p30.00
_q2
_r0
_sY
_tBOOK
_u2015-7-6
_xTEOLOGIA
_PP35
_0COMPRA
_o.STAFF. Colección Teología
980 _81
_gALBERTO SANCHEZ Responsable de Automatización